| 000 | 01107nam a22002297a 4500 | ||
|---|---|---|---|
| 003 | NALT | ||
| 005 | 20240621101816.0 | ||
| 008 | 240527b th ||||| |||| 00| 0 tha d | ||
| 040 | _aNALT | ||
| 050 |
_aJC 423 _bป661ม 2565 |
||
| 100 | 0 |
_aปุถุชน คนยอดแหลม _963942 |
|
| 245 | 1 | 0 |
_aเมล็ดพันธุ์ประชาธิปไตย / _cเนื้อเรื่องโดย ปุถุชน คนยอดแหลม และคณะ. |
| 260 |
_aฉะเชิงเทรา : _bเอ็มเอ็น คอมพิวออฟเซท จำกัด, _c2565. |
||
| 300 |
_a63 หน้า : _bภาพประกอบ ; _c21 ซม. |
||
| 650 | 4 |
_aประชาธิปไตย _92054 |
|
| 650 | 4 |
_aประชาธิปไตย _xการ์ตูน _963945 |
|
| 942 |
_cGB _2lcc |
||
| 996 |
_achunbijaya.r _bCATSTF _c2024-05-27 |
||
| 996 |
_asaiphon.d _bCATSTF _c2024-05-28 |
||
| 999 |
_c105207 _d105207 |
||
| 998 |
_j111 _k นางสาวพจพิณ พรมเอี่ยม |
||